• 首页
  • 本馆介绍
  • 公告通知
  • 最新文献
  • 馆藏检索
  • 电子资源
  • 读者导购
  • 参考咨询
  • 我的图书馆
  • 登录
  • 详细信息显示
  • 放入我的书架
  • 预约/预借图书
  • 作者相关作品
  • 分类相关作品
  • 丛书相关作品
  • 出版社相关作品

书目信息

  • 表格格式
  • 工作单格式
  • 卡片格式
题名:
商业银行经营与管理
    
 
作者: 马丽娟 主编
分册:  
出版信息: 北京   经济科学出版社  2012
页数: 302页
开本: 26cm
丛书名:
单 册:
中图分类: F830.33
科图分类:
主题词: 商业银行--经营管理--高等职业教育--教材 , 商业银行 , 经营管理
电子资源:
ISBN: 978-7-5141-2304-3
000 01024nam0 2200277 450
001 523
005 20140909102219.31
010    @a978-7-5141-2304-3@dCNY36.00
100    @a20121016d2012 em y0chiy50 ea
101 0  @achi
102    @aCN@b110000
105    @ay z 000yy
106    @ar
200 1  @a商业银行经营与管理@AShang Ye Yin Xing Jing Ying Yu Guan Li@dThe bussiness and management of commercial banks@f马丽娟主编@FMa Li Juan Zhu Bian@zeng
210    @a北京@c经济科学出版社@d2012
215    @a302页@d26cm
300    @a21世纪高等院校研究生精品教材
330    @a本书探讨全球金融危机的爆发以及其后的经济恢复发展,银行业的监管重点以及监管范围变化,以及对于这些变化应该怎样客观地去认识和把握、评价。
510 1  @aBussiness and management of commercial banks@zeng
606 0  @a商业银行@x经营管理@x高等职业教育@j教材
606 0  @a商业银行
606 0  @a经营管理
690    @aF830.33@v5
701  0 @a马丽娟@AMa Li Juan@f(1963~)@4主编
801  0 @aCN@bTANGWEI@c20140603
905    @b0842210-12@dF830.33@e241@f3
    
    商业银行经营与管理=The bussiness and management of commercial banks/马丽娟主编.-北京:经济科学出版社,2012
    302页;26cm
    21世纪高等院校研究生精品教材
    
    ISBN 978-7-5141-2304-3:CNY36.00
    本书探讨全球金融危机的爆发以及其后的经济恢复发展,银行业的监管重点以及监管范围变化,以及对于这些变化应该怎样客观地去认识和把握、评价。
●
相关链接 在E读中查询图书 在五车中查询图书 在当当中查询图书 在豆瓣中查询图书


正题名:商业银行经营与管理     索取号:F830.33/241         预约/预借

序号 登录号 条形码 馆藏地/架位号 状态 备注
1 0842210   208422107   第一样本阅览室/ [索取号:F830.33/241] 在馆    
2 0842211   208422116   第一借阅区/ [索取号:F830.33/241] 在馆    
3 0842212   208422125   经管系资料室/ [索取号:F830.33/241] 在馆    
唐山师范学院图书馆 欢迎您!
大连网信软件有限公司© 版权所有